YouTube Kacke Creators nach Aufrufen - Statistiken

Allgemein
  • Dieses Quiz wurde 9 mal gespielt
  • Das Durchschnittsergebnis liegt bei 4 aus 13
Antwortstatistiken
Aufrufe Pooper % Korrekt
34.420.000 Galileel
88%
43.289.000 MinerMorsel
88%
25.505.000 PetersKotstube
63%
22.735.000 Sostrator
38%
10.655.000 Soosenbinder
25%
7.898.000 FanboyAllianz
13%
12.369.000 PiffPaffPuff
13%
7.043.000 Pikminze
13%
7.345.000 Saubstauger
13%
7.125.000 pLOLitik
0%
10.723.000 Triko
0%
7.593.000 YouKack
0%
8.144.000 YTK Factory
0%
Keine übereinstimmenden Quizze gefunden
Verteilung der Resultate
Anzahl Personen mit jedem Resultat
Perzentil nach korrekt beantworteten Fragen
Ihre Resultats-Entwicklung
Sie haben dieses Quiz noch nicht gespielt